[Event "BCC #2"]
[Site "Boise, ID"]
[Date "2014.04.12"]
[Round "1.3"]
[White "Olsoy, Peter John"]
[Black "Amen, Chris"]
[Result "1-0"]
[WhiteElo "1763"]
[BlackElo "1482"]

1. d4 Nf6 2. c4 g6 3. Nc3 d5 4. e3 Bg7 5. Nf3 c5 6. dxc5 Qa5 7. Qa4+ Qxa4 8.
Nxa4 O-O 9. Nc3 dxc4 10. Bxc4 Bg4 11. Ne5 Nbd7 12. Nxg4 Nxg4 13. c6 bxc6 14.
Be2 Nge5 15. Bd2 Nc5 16. O-O Rfd8 17. Rfd1 Rab8 18. b3 Ned3 19. Rab1 Rd7 20.
Bxd3 Rxd3 21. Be1 Rbd8 22. Rxd3 Rxd3 23. Ne2 Ne4 24. Nf4 Rd6 25. f3 Nf6 26.
Bb4 Rd7 27. Rc1 e5 28. Ne2 Rc7 29. Bd6 Rc8 30. Bxe5 Nd5 31. Bxg7 Kxg7 32. e4
Ne7 33. Kf1 Kf6 34. Rc5 Ke6 35. Nc3 Kd6 36. Ra5 Rc7 37. Ke2 f5 38. e5+ Ke6 39.
f4 Nd5 40. Nxd5 cxd5 41. Ra6+ Ke7 42. Kd3 Kd7 43. Rd6+ {#r} 1-0

[Event "BCC #3"]
[Site "Boise, ID"]
[Date "2014.05.10"]
[Round "2.2"]
[White "Amen, Chris"]
[Black "White, Matthew William"]
[Result "1-0"]
[WhiteElo "1397"]
[BlackElo "1307"]
[EventRounds "4"]
[EventCountry "USA"]

1. c4 e5 2. Nc3 Nf6 3. g3 Bc5 4. e3 d6 5. Bg2 Ng4 6. Nge2 Nxf2 7. Kxf2 Qf6+ 8.
Ke1 Bg4 9. Bxb7 c6 10. Bxa8 Qf3 11. Rf1 Qg2 12. d4 exd4 13. exd4 Bxd4 14. Qd3
Bxc3+ 15. bxc3 Na6 16. Nf4 Nc5 17. Qe3+ Kd7 18. Nxg2 Rxa8 19. Rxf7+ Kd8 20.
Qe7+ Kc8 21. Rf8# 1-0

[Event "BCC #5"]
[Site "Boise, ID"]
[Date "2014.11.22"]
[Round "1.6"]
[White "Mussler-Wright, Amelia"]
[Black "Amen, Chris"]
[Result "0-1"]
[WhiteElo "277"]
[BlackElo "1526"]
[EventRounds "4"]
[EventCountry "USA"]

1. e4 c5 2. d3 Nc6 3. Nf3 g6 4. d4 cxd4 5. Nxd4 Bg7 6. Be3 Nf6 7. Nxc6 bxc6 8.
Bc4 O-O 9. O-O Nxe4 10. Bd3 Bxb2 11. Bxe4 Bxa1 12. Bd4 Bxd4 13. Qxd4 Qb6 14.
Qa1 Rb8 15. Qe5 Qxb1 16. g3 Qb4 17. Qf4 d5 18. Bd3 Qxf4 19. gxf4 Bh3 20. f3
Bxf1 21. Bxf1 Rb2 22. Bg2 Rxc2 23. h3 Rb8 24. Kh2 Rbb2 25. Kg3 Rxg2+ 26. Kh4
h6 27. f5 Rb4+ 28. f4 Rxf4# 0-1

[Event "BCC #5"]
[Site "Boise, ID"]
[Date "2014.11.22"]
[Round "3.1"]
[White "Buus, Jarod N"]
[Black "Amen, Chris"]
[Result "0-1"]
[WhiteElo "1633"]
[BlackElo "1526"]
[EventRounds "4"]
[EventCountry "USA"]

1. e4 e6 2. d4 d5 3. e5 c5 4. c3 Nc6 5. Nf3 Bd7 6. a3 c4 7. b4 cxb3 8. Qxb3
Na5 9. Qc2 Rc8 10. Bb2 f6 11. exf6 Nxf6 12. Ne5 Bd6 13. Be2 O-O 14. O-O Bxe5
15. dxe5 Ne4 16. Nd2 Nxc3 17. Bxc3 d4 18. Bxa5 Rxc2 19. Bxd8 Rxd2 20. Be7 Re8
21. Bc5 b6 22. Bxd4 Rxe2 23. Rfc1 Rc8 24. Rxc8+ Bxc8 25. g3 Bb7 26. a4 Re4 27.
Bc3 a6 28. Rb1 Rxa4 29. Rxb6 Bd5 30. f4 Ra2 31. Rb2 Rxb2 32. Bxb2 a5 33. Ba3
Kf7 34. Kf2 Kg6 35. g4 h5 36. Kg3 hxg4 37. Kxg4 Bc4 38. h4 Be2+ 39. Kg3 Kf5
40. Bf8 a4 41. Ba3 Ke4 42. Kf2 Bg4 43. Bc1 Kd3 44. Kg3 Bf5 45. h5 Kc2 46. Ba3
Kb3 47. Bd6 a3 48. Bxa3 Kxa3 49. Kh4 Kb4 50. Kg5 Kc4 51. Kh4 Kd4 52. Kg3 Ke4
{#R} 0-1

[Event "Western Idaho Open"]
[Site "Boise, ID"]
[Date "2014.12.13"]
[Round "1.111"]
[White "Faulkner, Joetta"]
[Black "Amen, Chris"]
[Result "0-1"]
[WhiteElo "847"]
[BlackElo "1594"]
[EventRounds "5"]
[EventCountry "USA"]

1. e4 c5 2. Nf3 d6 3. Bc4 Nc6 4. Ng5 e6 5. Nc3 Qxg5 6. d3 Qxg2 7. Rf1 Nf6 8.
f3 Nd4 9. Bd2 Bd7 10. b3 Qxh2 11. Qc1 Qg3+ 12. Kd1 b5 13. Be1 Qh3 14. Rf2 bxc4
15. dxc4 Nxf3 16. Qf4 Nxe1 17. Kd2 Ng2 18. Qf3 Qxf3 19. Rxf3 Nh4 20. Re3 Be7
21. Rg3 Ng6 22. Rd1 Bc6 23. Re3 h5 24. Kc1 O-O-O 25. Kb2 d5 26. e5 d4 27. Rg3
dxc3+ 28. Rxc3 Rxd1 29. exf6 Bxf6 30. a4 Nf4 {#R} 0-1

[Event "Western Idaho Open"]
[Site "Boise, ID"]
[Date "2014.12.14"]
[Round "4.107"]
[White "Amen, Chris"]
[Black "Lang, Jamie"]
[Result "1/2-1/2"]
[WhiteElo "1594"]
[BlackElo "1470"]
[EventRounds "5"]
[EventCountry "USA"]

1. e4 e5 2. Nf3 Nc6 3. d4 exd4 4. Nxd4 Nxd4 5. Qxd4 d6 6. Nc3 Nf6 7. Bg5 Be7
8. O-O-O O-O 9. Bc4 Be6 10. Bxe6 fxe6 11. e5 c5 12. Qh4 Nd5 13. Bxe7 Qxe7 14.
Qxe7 Nxe7 15. exd6 Nc6 16. f3 Rad8 17. Rhe1 Nd4 18. Ne4 b6 19. c3 Nf5 20. g4
Nh4 21. Ng5 Nxf3 22. Nxf3 Rxf3 23. Rxe6 Rf6 24. Rxf6 gxf6 25. Kc2 Kf7 26. Kb3
Ke6 27. d7 Rxd7 28. Rxd7 Kxd7 29. Kc4 Kc6 30. a4 a6 {#d} 1/2-1/2

[Event "Western Idaho Open"]
[Site "Boise, ID"]
[Date "2014.12.14"]
[Round "5.105"]
[White "Zaklan, David Allen"]
[Black "Amen, Chris"]
[Result "0-1"]
[WhiteElo "1442"]
[BlackElo "1594"]
[EventRounds "5"]
[EventCountry "USA"]

1. d4 Nf6 2. Nf3 g6 3. c4 Bg7 4. Nbd2 O-O 5. e3 c5 6. b3 cxd4 7. Nxd4 Nc6 8.
Bb2 d6 9. Rb1 Bd7 10. a3 Rc8 11. Be2 Qa5 12. b4 Qg5 13. O-O h5 14. N2f3 Qh6
15. Bc1 Ne4 16. Qc2 f5 17. Qb3 e6 18. Re1 a6 19. Qd3 g5 20. a4 g4 21. Nd2 Ne5
22. Qc2 Nxd2 23. Bxd2 Nxc4 24. Bxc4 d5 25. Qa2 Rxc4 26. Rbc1 Rxc1 27. Rxc1 Be5
28. Ne2 Qf6 29. e4 fxe4 30. Rf1 d4 31. a5 e3 32. Be1 d3 33. Ng3 Bxg3 34. hxg3
e2 35. Qd2 exf1=Q+ 36. Kxf1 h4 37. Kg1 hxg3 38. b5 gxf2+ 39. Bxf2 Qxf2+ 40.
Qxf2 Rxf2 41. Kxf2 Bxb5 42. Ke1 e5 43. Kd2 e4 44. Ke3 Kf7 45. g3 Ke6 46. Kd2
Kd5 47. Ke3 Ba4 48. Kd2 Kd4 49. Ke1 e3 50. Kf1 d2 51. Kg2 d1=Q 52. Kh2 Qd2+
{#R} 0-1

[Event "BCC #7"]
[Site "?"]
[Date "2015.05.30"]
[Round "1.6"]
[White "Amen, Chris Kyle"]
[Black "Siek, Justin"]
[Result "1-0"]
[WhiteElo "1671"]
[BlackElo "1077"]

1. e4 e5 2. Nf3 Nc6 3. Bb5 a6 4. Ba4 b5 5. Bb3 Nf6 6. O-O Bc5 7. d3 h6 8. Bd5
Qe7 9. a4 b4 10. Nbd2 Nxd5 11. exd5 Na5 12. Nxe5 O-O 13. Re1 Qh4 14. g3 Qh3
15. Ndc4 Nxc4 16. dxc4 d6 17. Nc6 Bxf2+ 18. Kxf2 Qxh2+ 19. Kf3 Qh5+ 20. Kf2
Bg4 21. Ne7+ Kh8 22. Qd4 Qh2+ 23. Ke3 Qxg3+ 24. Kd2 Qg2+ 25. Kd3 Qf3+ 26. Be3
Bf5+ 27. Nxf5 Qxf5+ 28. Kd2 Kh7 29. Rg1 Rg8 30. Raf1 Qh5 31. Qe4+ Kh8 32. Rf5
Qh2+ 33. Rg2 Qh3 34. Rff2 Rae8 35. Qf4 a5 36. Bd4 f6 37. Rh2 Qd7 38. Bxf6 Kh7
39. Qg5 Ref8 40. Bd4 Rxf2+ 41. Bxf2 Qf7 42. Be3 Qd7 43. Rxh6+ gxh6 44. Qxh6#
1-0

[Event "BCC #7"]
[Site "?"]
[Date "2015.05.30"]
[Round "2.1"]
[White "Gorman, Cody A.M"]
[Black "Amen, Chris Kyle"]
[Result "1/2-1/2"]
[WhiteElo "1885"]
[BlackElo "1671"]

1. d4 Nf6 2. c4 g6 3. g3 d5 4. cxd5 Nxd5 5. Nf3 Bg7 6. Bg2 O-O 7. O-O Nc6 8.
e4 Nb6 9. d5 Ne5 10. Nd4 c5 11. Nc2 c4 12. Ne1 f5 13. f4 Ng4 14. e5 Qc7 15.
Nc2 Rd8 16. Nc3 Qc5+ 17. Qd4 Qxd4+ 18. Nxd4 e6 19. d6 Nxe5 20. fxe5 Bxe5 21.
Nc2 Rxd6 22. Re1 Bg7 23. Bf4 Rd8 24. Bc7 Rd2 25. Rac1 Kf7 26. Bf4 Rd3 27. Nb4
Rd8 28. Nb5 a5 29. Bc7 Rd2 30. Bxb6 axb4 31. Rxc4 Bd7 32. Rc7 Ke8 33. Rc5 Rxb2
34. Nc7+ Kf7 35. Bxb7 Bd4+ 36. Kh1 Raxa2 37. Rc2 Rxc2 38. Bxd4 Rxc7 39. Be3
Rxh2+ 40. Kxh2 Rxb7 41. Rb1 e5 42. Kg2 Ke6 43. Kf3 Ba4 44. Ke2 Bc2 45. Rb2 b3
46. Bd2 h5 47. Bg5 Rd7 48. Bh6 Rd3 49. Rxc2 bxc2 50. Kxd3 f4 51. gxf4 c1=Q 52.
f5+ Kxf5 53. Bxc1 h4 54. Ke3 Kg4 55. Kf2 h3 56. Bb2 h2 57. Kg2 h1=Q+ 58. Kxh1
e4 59. Kg2 Kf4 60. Bc1+ e3 61. Bxe3+ Kxe3 62. Kg3 {#d} 1/2-1/2

[Event "BCC #9"]
[Site "Boise, ID"]
[Date "2015.08.29"]
[Round "1.5"]
[White "Amen, Chris"]
[Black "Aderogba, Temiloluwa"]
[Result "1-0"]
[WhiteElo "1683"]
[BlackElo "1074"]

1. e4 e5 2. Nf3 Nc6 3. Bb5 d6 4. d4 exd4 5. Nxd4 Bd7 6. Bxc6 bxc6 7. O-O Nf6
8. Nc3 Be7 9. f4 d5 10. e5 Ne4 11. Nxe4 dxe4 12. Qe2 c5 13. Nb3 Bc6 14. Na5
Bd5 15. Rd1 O-O 16. c4 Bxc4 17. Nxc4 Qc8 18. Qxe4 Qg4 19. Be3 Rab8 20. b3 h6
21. h3 Qg3 22. Bf2 Qc3 23. Be1 f5 24. Qd5+ Kh8 25. Bxc3 Rbd8 26. Qc6 Rde8 27.
Qg6 Rg8 28. e6 Ref8 29. Qxh6# 1-0

[Event "BCC #10"]
[Site "Boise, ID"]
[Date "2015.09.26"]
[Round "1.2"]
[White "Liu, James"]
[Black "Amen, Chris"]
[Result "0-1"]
[WhiteElo "1158"]
[BlackElo "1683"]
[EventRounds "4"]
[EventCountry "USA"]

1. d4 Nf6 2. c4 g6 3. Nc3 d5 4. Bf4 c6 5. Nf3 Bg7 6. e3 O-O 7. Bd3 dxc4 8.
Bxc4 Nbd7 9. O-O Nb6 10. Bb3 Bf5 11. Qd2 Nbd5 12. Be5 Nxc3 13. Qxc3 h6 14.
Rfe1 Be4 15. Nd2 Bd5 16. e4 Bxb3 17. Nxb3 Rc8 18. Rad1 b6 19. f4 Qd7 20. a4 h5
21. Qg3 Bh6 22. f5 Kh7 23. h3 gxf5 24. exf5 Qxf5 25. Qd3 Qxd3 26. Rxd3 Nd5 27.
Bg3 Rg8 28. Bh4 e6 29. Rf3 Rg7 30. Re5 Nf4 31. Bg3 Nd5 32. Rxh5 Rcg8 33. Be5
Rxg2+ 34. Kf1 Rg1+ 35. Ke2 R8g2+ 36. Kd3 Rd1+ 37. Nd2 Rdxd2+ 38. Kc4 Rc2+ 39.
Kd3 Rgd2+ 40. Ke4 f5+ 41. Rfxf5 exf5+ 42. Kxf5 Rf2+ 43. Ke6 Nf4+ 44. Kd6 Nxh5
{#R} 0-1

[Event "BCC #10"]
[Site "Boise, ID"]
[Date "2015.09.26"]
[Round "2.2"]
[White "Amen, Chris"]
[Black "Zaklan, David"]
[Result "1-0"]
[WhiteElo "1683"]
[BlackElo "1474"]
[EventRounds "4"]
[EventCountry "USA"]

1. e4 c6 2. d4 d5 3. e5 Bf5 4. Nf3 e6 5. Be2 Ne7 6. O-O Ng6 7. Be3 Be7 8. Nbd2
O-O 9. Nb3 b6 10. Rc1 Nd7 11. c4 Rc8 12. h3 c5 13. cxd5 exd5 14. dxc5 Nxc5 15.
Nbd4 Be6 16. b4 Ne4 17. Nc6 Qd7 18. Nfd4 Rc7 19. f4 Bxh3 20. Nxe7+ Nxe7 21.
Rxc7 Qxc7 22. gxh3 Qc3 23. Qb3 Qc8 24. Kh2 Rd8 25. f5 Qb8 26. Bf4 Nd2 27. Qg3
Nxf1+ 28. Bxf1 Qc8 29. Bh6 g6 30. Qg5 Nxf5 31. Nxf5 Qc2+ 32. Bg2 Qc7 33. Qf6
{#r} 1-0

[Event "BCC #10"]
[Site "Boise, ID"]
[Date "2015.09.26"]
[Round "3.1"]
[White "Hawkins, Nicholas B"]
[Black "Amen, Chris"]
[Result "0-1"]
[WhiteElo "1543"]
[BlackElo "1683"]
[EventRounds "4"]
[EventCountry "USA"]

1. e4 c5 2. Nc3 a6 3. a4 Nc6 4. g3 Nf6 5. Bg2 e6 6. Nge2 Be7 7. O-O O-O 8. d4
cxd4 9. Nxd4 Qc7 10. Be3 Rb8 11. f4 d6 12. h3 Nxd4 13. Bxd4 e5 14. Be3 b5 15.
axb5 axb5 16. Ra7 Qd8 17. f5 Re8 18. Nd5 Bb7 19. Bb6 Qd7 20. Bc7 Nxd5 21. Bxb8
Ne3 22. Rxb7 Qxb7 23. Qd3 Nxf1 24. Bxd6 Qb6+ 25. Kxf1 Bxd6 26. Bf3 Ra8 27. Kg2
Ra1 28. Bd1 Qd4 29. Qxd4 exd4 30. Be2 b4 31. b3 Kf8 32. g4 Bf4 33. Kf3 Be3 34.
e5 Ke7 35. h4 Rh1 36. h5 g6 37. Ke4 gxf5+ 38. gxf5 Rh2 39. f6+ Ke8 40. Kd3 h6
41. Bf3 Rd2+ 42. Kc4 Rxc2+ 43. Kxb4 d3 44. Be4 Bd2+ 45. Kb5 Rc3 46. Ka4 Be1
47. b4 d2 {#R} 0-1

[Event "2015 BCC #11"]
[Site "Boise, ID"]
[Date "2015.10.24"]
[Round "2.3"]
[White "Amen, Chris"]
[Black "Siek, Justin"]
[Result "1-0"]
[WhiteElo "1698"]
[BlackElo "1217"]
[EventRounds "4"]
[EventCountry "USA"]

1. e4 e5 2. Nf3 Nc6 3. Bb5 a6 4. Ba4 Nf6 5. O-O Bc5 6. d3 h6 7. Bxc6 bxc6 8.
Nxe5 O-O 9. Be3 Bxe3 10. fxe3 Re8 11. Nf3 d6 12. Nbd2 Rb8 13. b3 c5 14. Qe1
Bb7 15. Nh4 d5 16. exd5 Nxd5 17. e4 Nc3 18. Nf5 Nb5 19. Qg3 Qf6 20. Nf3 Nd6
21. N3h4 Bc8 22. Nxd6 Qxd6 23. Qf3 Be6 24. Rae1 Rf8 25. Qh5 Qd4+ 26. Kh1 Kh7
27. Nf5 Qc3 28. Re2 Rbd8 29. g4 f6 30. h4 Bxf5 31. gxf5 Rde8 32. Rg1 Re7 33.
Reg2 Rff7 34. Qg6+ Kg8 35. Qxh6 Qd4 36. Qg6 Qd7 37. h5 Kf8 38. h6 {#r} 1-0

[Event "SIO (Open)"]
[Site "Twin Falls, ID"]
[Date "2015.11.14"]
[Round "1.4"]
[White "Nyblade, Wesley"]
[Black "Amen, Chris"]
[Result "1/2-1/2"]
[WhiteElo "1516"]
[BlackElo "1735"]
[EventRounds "4"]
[EventCountry "USA"]

1. a3 g6 2. d4 Bg7 3. Nf3 d5 4. Nc3 Nf6 5. Bf4 c6 6. e3 O-O 7. Bd3 Nbd7 8. h3
a6 9. O-O c5 10. Re1 b5 11. dxc5 Nxc5 12. Be5 Nxd3 13. Qxd3 Bb7 14. Rad1 e6
15. Qd4 Ne8 16. Bxg7 Nxg7 17. e4 dxe4 18. Qxd8 Rfxd8 19. Rxd8+ Rxd8 20. Nxe4
Nf5 21. c3 Nd6 22. Nxd6 Rxd6 23. Nd4 Kf8 24. f4 Rd5 25. g4 a5 26. Re5 Rxe5 27.
fxe5 b4 28. cxb4 axb4 29. axb4 Ke7 30. g5 Kd7 31. Kf2 Kc7 32. Ke3 Kb6 33. Kf4
Bg2 34. h4 Bd5 35. Kg4 Bc4 36. h5 Bd5 37. h6 Ba2 38. Kf4 Bd5 39. Ke3 Bc4 40.
Kd2 Ba2 41. Kc3 Bd5 {#d} 1/2-1/2

[Event "BCC #12"]
[Site "Boise, ID"]
[Date "2015.12.05"]
[Round "1.4"]
[White "Liu, James"]
[Black "Amen, Chris"]
[Result "1-0"]
[WhiteElo "1209"]
[BlackElo "1701"]

1. d4 Nf6 2. c4 g6 3. Nc3 Bg7 4. Bf4 O-O 5. Nf3 d6 6. e4 Nbd7 7. Be2 Nh5 8.
Be3 e5 9. O-O Nf4 10. Bxf4 exf4 11. Nd5 Nf6 12. Nxf4 Nxe4 13. Re1 f5 14. Bd3
Re8 15. Qc2 Qf6 16. Nd5 Qf7 17. Bxe4 fxe4 18. Rxe4 Bf5 19. Rxe8+ Rxe8 20. Qd2
c6 21. Ng5 Qd7 22. Ne3 h6 23. Nxf5 Qxf5 24. Nf3 d5 25. c5 g5 26. Re1 Rxe1+ 27.
Qxe1 Qe4 28. Qxe4 dxe4 29. Ne5 Bxe5 30. dxe5 Kf7 31. Kf1 Ke6 32. Ke2 Kxe5 33.
Ke3 b6 34. cxb6 axb6 35. a4 Kd5 36. g3 Kc4 37. Kxe4 Kb3 38. f4 Kxb2 39. f5 c5
40. f6 c4 41. f7 c3 42. f8=Q c2 43. Qb4+ Ka2 44. Qc3 {#r} 1-0

[Event "BCC #12"]
[Site "Boise, ID"]
[Date "2015.12.05"]
[Round "3.4"]
[White "Zaklan, David"]
[Black "Amen, Chris"]
[Result "0-1"]
[WhiteElo "1457"]
[BlackElo "1701"]

1. d4 Nf6 2. Nf3 g6 3. Bf4 Bg7 4. e3 O-O 5. Be2 d6 6. c4 Nbd7 7. Nc3 Nh5 8.
Bg5 c5 9. Nd5 Nhf6 10. O-O Nxd5 11. cxd5 Nf6 12. dxc5 dxc5 13. Bc4 a6 14. Bxf6
Bxf6 15. Rb1 b5 16. Be2 Bf5 17. Bd3 Qxd5 18. Bxf5 Qxf5 19. Re1 Rfd8 20. Qe2
Qd3 21. e4 Qxe2 22. Rxe2 e6 23. e5 Bg7 24. h3 Rd5 25. Rbe1 Rad8 26. b3 c4 27.
Rc1 Rd1+ 28. Re1 Rxe1+ 29. Nxe1 Bh6 30. Rc2 Rd1 31. Kf1 cxb3 32. axb3 Rb1 33.
Rc3 Bd2 34. Rc8+ Kg7 35. Ke2 Bxe1 36. Rc6 a5 37. Rc5 Bb4 38. Rxb5 Rxb3 39. f4
Rb2+ 40. Kf3 a4 41. Rb8 a3 42. Ra8 a2 43. Ra4 Rb3+ 44. Ke4 Ra3 {#R} 0-1

[Event "Idaho Closed"]
[Site "Twin Falls, ID"]
[Date "2016.02.14"]
[Round "4.6"]
[White "Naccarato, Savanna"]
[Black "Amen, Chris"]
[Result "0-1"]
[WhiteElo "1699"]
[BlackElo "1655"]
[EventRounds "6"]
[EventCountry "USA"]

1. d4 Nf6 2. Bg5 Ne4 3. h4 c5 4. d5 h6 5. Bf4 d6 6. Nd2 Qa5 7. c3 Nxd2 8. Qxd2
g6 9. e4 Bg7 10. Nf3 Bg4 11. Be2 Nd7 12. Bg3 O-O 13. Bf4 h5 14. Ng5 Bxe2 15.
Qxe2 Bxc3+ 16. Bd2 Bxd2+ 17. Qxd2 Qxd2+ 18. Kxd2 Ne5 19. b3 b5 20. f4 Ng4 21.
Rhc1 b4 22. Re1 a5 23. a4 bxa3 24. Rxa3 Rfb8 25. Kc3 Rb5 26. e5 Rb4 27. g3
dxe5 28. fxe5 Rd4 29. e6 f6 30. Nf3 Rxd5 31. Kc4 Rf5 32. Nd2 Ne5+ 33. Kc3 Ra6
34. Rea1 Rxe6 35. Rxa5 Nc6 36. Ra8+ Kf7 37. Rc8 Re3+ 38. Kc4 Nd4 39. Rb1 Ne6
40. Rf1 Rxf1 41. Nxf1 Rf3 42. Nd2 Rxg3 43. Ne4 Rg4 44. Kd5 Rxh4 45. Nxc5 Rd4+
46. Kc6 Rb4 {#R} 0-1

[Event "Idaho Closed"]
[Site "Twin Falls, ID"]
[Date "2016.02.15"]
[Round "6.5"]
[White "Glenn, John Dennis"]
[Black "Amen, Chris"]
[Result "0-1"]
[WhiteElo "1855"]
[BlackElo "1655"]
[EventRounds "6"]
[EventCountry "USA"]

1. d4 Nf6 2. Bf4 g6 3. e3 Bg7 4. Nf3 O-O 5. h3 d6 6. Be2 c5 7. c3 b6 8. Nbd2
Bb7 9. O-O Nbd7 10. Bh2 Re8 11. a4 a6 12. Qb3 e5 13. dxe5 dxe5 14. Bc4 Qe7 15.
Rfd1 h6 16. Bg3 Rf8 17. Re1 Nh5 18. Bh2 e4 {#R} 0-1